000 00467cam a2200145 4500500
005 20260329012453.0
041 _afre
042 _adc
100 1 0 _aSibony, Judith
_eauthor
245 0 0 _aUne nuit chez Maria Casarès
260 _c2025.
500 _a9
786 0 _nRevue des deux Mondes | Juillet-Août | 5 | 2025-07-01 | p. 104-108 | 2266-4734
856 4 1 _uhttps://shs.cairn.info/revue-revue-des-deux-mondes-2025-5-page-104?lang=fr&redirect-ssocas=7080
999 _c1871335
_d1871335